Icon Squads- das beste Team aller Zeiten #3 Werder Bremen - Statistiken

Allgemein
  • Dieses Quiz wurde 13 mal gespielt
  • Das Durchschnittsergebnis liegt bei 17 aus 30
Antwortstatistiken
Position Nationalität für Werder Bremen aktiv Alter Spieler % Korrekt
Mittelstürmer Brasilien 1998-2004 52 Ailton
100%
Mittelstürmer Peru 1999-2020 47 Claudio Pizarro
100%
Offensives Mittelfeld Brasilien 2006-2009 41 Diego
100%
Innenverteidiger Brasilien 2005-2012 43 Naldo
100%
Defensives Mittelfeld Deutschland 2005-2011 49 Torsten Frings
100%
Defensives Mittelfeld Deutschland 1999-2009 50 Frank Baumann
92%
Torwart Deutschland 2005-2012 44 Tim Wiese
92%
Offensives Mittelfeld Österreich 1992-1995; 1996-2002 57 Andreas Herzog
85%
Innenverteidiger Deutschland 2006-2011 41 Per Mertesacker
85%
Defensives Mittelfeld Deutschland 1988-2002 61 Dieter Eilts
77%
Linksaußen Deutschland 1989-2002 56 Marco Bode
77%
Rechtsverteidiger Deutschland 2006-2017 45 Clemens Fritz
69%
Libero Norwegen 1987-1995 65 Rune Bratseth
69%
Zentrales Mittelfeld Deutschland 2000-2008; 2009-2012 46 Tim Borowski
69%
Mittelstürmer Australien 1989-1995 63 Wynton Rufer
69%
Torwart Deutschland 1972-1988 †73 Dietmar Burdenski
62%
Innenverteidiger Deutschland 1964-1978 †79 Horst-Dieter Höttges
62%
Torwart Deutschland 1985-1998 61 Oliver Reck
62%
Libero Deutschland 1955-1972 †80 Arnold Schütz
38%
Rechtes Mittelfeld Deutschland 1978-1987 71 Benno Möhlmann
31%
Defensives Mittelfeld Deutschland 1985-1996 70 Mirko Votava
31%
Rechtes Mittelfeld Deutschland 1984-2000 62 Tomas Wolter
31%
Innenverteidiger Deutschland 1987-1996 63 Uli Borowka
31%
Linksverteidiger Deutschland 1979-1992 65 Jonny Otten
23%
Linkes Mittelfeld Deutschland 1973-1984 †63 Uwe Bracht
23%
Zentrales Mittelfeld Deutschland 1974-1980 72 Jürgen Röber
15%
Innenverteidiger Deutschland 1960-1972 †85 Sepp Piontek
15%
Rechtsverteidiger Deutschland 1980-1995 65 Tomas Schaf
15%
Linksaußen Deutschland 1966-1978 84 Werner Görts
15%
Linksaußen Deutschland 1957-1968 †80 Klaus Hänel
0%
Keine übereinstimmenden Quizze gefunden
Verteilung der Resultate
Anzahl Personen mit jedem Resultat
Perzentil nach korrekt beantworteten Fragen
Ihre Resultats-Entwicklung
Sie haben dieses Quiz noch nicht gespielt